000 00560nam a2200169Ia 4500
003 GCL
008 140319s9999 xx 000 0 ara d
040 _aGCL /
_cGCL
082 0 4 _a606
_bم م
100 1 _aمحمد كامل محمود
245 1 0 _aالمركز القومى للبحوث بين الماضى و الحاضر و المستقبل /
_cمحمد كامل محمود
300 _a245 ص
490 _a
650 0 4 _aمراكز المعلومات
650 0 4 _aاكاديمية البحث العلمى والتكنولوجيا
942 _2ddc
_cBK
999 _c40527
_d40527